00430 2200169 4500001002100000008004100021035002000062245005900082100002000141250000600161260003300167084001400200082000800214650001400222990001200236990001200248INLIS000000000001207 ind  a0010-0524000442 aPemantapan Menghadapi SNMPTN IPS 2011cTim Widya Gamma aTim Widya Gamma a1 aBandung :bYrama Widyac2010 a370 TIM p a370 aNon Fiksi a0713875 a0713876